Регионална библиотека "Любен Каравелов" - Русе

Грех женщины (Запис номер 428201)

MARC детайли
000 -Лидер
Контролно поле с фиксирана дължина 01160nam a2200289 c 4500
003 - Код на организацията, давaща контролен номер
Контролно поле BLK
005 - Дата и час на последна редакция
Контролно поле 20240321130133.0
008 - Елементи от данни с фиксирана дължина
fixed length control field 180411b bul|||||r ||||||| ||bul||
040 ## - Източник на каталожния запис
Идентификатор на билиотеката - собственик на записа BLK
041 ## - Код за език
Код за езика на текст/звукозапис или на отделно заглавие Руски
Код за езика КДБФ Руски
080 ## - УДК
Текстов определител УДК Италианска литература
УДК код - определител по УДК 821.131.1
УДК определител -31
УДК - код + определител 821.131.1-31
100 ## - Редна дума - Автор
Автор Кастельнуово, Энрико
Авторска отговорност първи автор
R(LIN) 462265
139 ## - Редно поле
Редна дума Кастельнуово, Энрико
245 10 - Сведения за заглавието
Заглавие Грех женщины
Подзаглавни данни Роман
Редно поле (дума) Э. Кастельнуово; прев. от итал. В. Наранович
257 ## - Страна на издаване
Страна на създаване/издаване Русия
260 ## - Област на издателските данни
Име на издателя, разпространителя и проч. тип. В. В. Комарова
Година на издаване 1898
9 (RLIN) 435488
Място на издаване, разпространение и проч. Санкт-Петербург
300 ## - Физическа характеристика
Страници 122 с.
Размери/Мащаб 25 см
380 ## - Жанр
Жанр Худож. лит.
490 ## - СЕРИИ (Колекции)
Име на серия Колекция Редки и ценни издания
9 (RLIN) 435080
700 ## - Други автори (авторска отговорност)
Лично име Величков, Константин
Друга информация писател и общественик
Дати, свързани с автора 1855 - 1907
Пълна форма на името Петков, Константин Величков
9 (RLIN) 256726
852 ## - Местоположение
Форматна сигнатура Рр 898
Фондова буква Редки и ценни
856 4# - Електронен адрес и достъп
Електронен формат pdf - файл
856 4# - Електронен адрес и достъп
Електронен формат pdf - файл
999 ## - СИСТЕМНИ КОНТРОЛНИ НОМЕРА
Koha biblionumber 428201
Koha biblioitemnumber 428201
942 ## - АРТИКУЛИ
Вид на библиотечния материал Книги
Скрит в OPAC Не
Периодичен библиозапис Да
944 ## - СЪЗДАВАНЕ И РЕДАКЦИЯ на ЗАПИСА
Създаване/Редакция Създаване
Дата на регистрацията/редакция 2021-08-12
Служител, извършил регистрацията/редакцията 30545
Статус, дата на статуса Нора Радева
999 ## - СИСТЕМНИ КОНТРОЛНИ НОМЕРА
Koha biblioitemnumber 182332
Наличности
Код за отписване Код за изгубен артикул Източник на класификационната схема Код за повреда Коз за рестрикции Код за отдаване Артикулен № Име на библиотеката - собственик Име на библиотеката, в която се намира в момента Статус (Текущо местоположение) Дата на вписване в системата Местоположение - отдел Цена в лева Инвентарен номер Систематично азбучна сигнатура Баркод Цена в евро Служебен тип на артикула
  Не е изгубен Universal Decimal Classification Не е повреден само за читалня Специални фондове ( старопечатни, редки и ценни, фонд М. Арнаудов) 855865 Регионална библиотека "Любен Каравелов" Русе Регионална библиотека "Любен Каравелов" Русе Редки и ценни 2021-09-27 Редки и ценни 0.10 1161 Рр 898 900000074210 0.05 Книги
Vip Innovations Ltd, Rousse, Bulgaria 2025